[Event "Titled Tuesday intern op 02nd Apr Early"]
[Site "Chess.com INT"]
[Date "2024.04.02"]
[Round "1"]
[White "Xie, Bryan"]
[Black "Moroni, Luca Jr"]
[Result "0-1"]
[WhiteElo "2275"]
[BlackElo "2580"]
[PlyCount "24"]
[EventDate "2024.04.02"]
[EventType "swiss (blitz)"]
[EventRounds "11"]
[EventCountry "USA"]
[SourceTitle "CB15_2024"]
[SourceDate "2024.04.10"]
[SourceVersion "1"]
[SourceVersionDate "2024.04.10"]
[SourceQuality "1"]

1. e4 g6 2. d4 Bg7 3. Nc3 a6 4. Be3 b5 5. Qe2 Bb7 6. f3 d6 7. 0-0-0 Nd7 8. h4 h5 9. Nh3 e6 10. Nf4 Nb6 11. Kb1 b4 12. d5 e5 0-1

[Event "Titled Tuesday intern op 19th Sep Early"]
[Site "Chess.com INT"]
[Date "2023.09.19"]
[Round "2"]
[White "Piesik, Piotr"]
[Black "Xie, Bryan"]
[Result "1-0"]
[WhiteElo "2426"]
[BlackElo "2329"]
[PlyCount "159"]
[EventDate "2023.09.19"]
[EventType "swiss (blitz)"]
[EventRounds "11"]
[EventCountry "USA"]
[SourceTitle "EXT 2024"]
[Source "ChessBase"]
[SourceDate "2023.10.10"]
[SourceVersion "1"]
[SourceVersionDate "2023.10.10"]
[SourceQuality "1"]

1. Nf3 d5 2. g3 Nf6 3. Bg2 Bf5 4. 0-0 h6 5. c4 e6 6. cxd5 exd5 7. d3 c6 8. Nc3 Be7 9. Qb3 Qb6 10. Qc2 0-0 11. e4 dxe4 12. dxe4 Bh7 13. Be3 Qa6 14. Rfe1 Nbd7 15. a3 Nc5 16. Bf1 b5 17. Nd2 Ng4 18. a4 Nxe3 19. Rxe3 Qa5 20. Ree1 b4 21. Nd1 Rfd8 22. Bc4 Rd7 23. Nb3 Nxb3 24. Qxb3 Bf8 25. e5 Bf5 26. e6 fxe6 27. Bxe6+ Bxe6 28. Qxe6+ Rf7 29. Qxc6 Rd8 30. Re2 Qc5 31. Qe6 Rd6 32. Qb3 a5 33. Ne3 Rdf6 34. Ng4 Rf5 35. Rae1 h5 36. Ne3 Rf3 37. Kg2 Kh8 38. Qd5 Qxd5 39. Nxd5 Rb3 40. Nf4 Kh7 41. Nxh5 Bc5 42. Nf4 g5 43. Ne6 Be7 44. Nd4 Rd3 45. Nc6 Bc5 46. Nxa5 Rdf3 47. Rf1 g4 48. Nc4 Rb3 49. Ne5 Rg7 50. Rfe1 Bd4 51. Nc6 Bxb2 52. Rb1 Ra3 53. Rbxb2 Rxa4 54. Rxb4 Ra3 55. Rf4 Ra1 56. Ne5 Rc7 57. Rxg4 Rcc1 58. Re3 Rg1+ 59. Kf3 Rh1 60. h4 Rhc1 61. Nd3 Rc7 62. Re6 Rf7+ 63. Nf4 Ra3+ 64. Kg2 Ra5 65. Rgg6 Raf5 66. Rh6+ Kg7 67. Reg6+ Kf8 68. Ne6+ Ke7 69. Rg7 Rxf2+ 70. Kh3 Rxg7 71. Nxg7 Kf7 72. Nh5 Kg8 73. Nf4 Ra2 74. Rd6 Ra3 75. Rd7 Kf8 76. h5 Ke8 77. Rb7 Kf8 78. h6 Kg8 79. h7+ Kh8 80. Ng6# 1-0

[Event "Titled Tuesday intern op 19th Sep Early"]
[Site "Chess.com INT"]
[Date "2023.09.19"]
[Round "1"]
[White "Xie, Bryan"]
[Black "Sokolovsky, Yahli"]
[Result "0-1"]
[WhiteElo "2329"]
[BlackElo "2474"]
[PlyCount "74"]
[EventDate "2023.09.19"]
[EventType "swiss (blitz)"]
[EventRounds "11"]
[EventCountry "USA"]
[SourceTitle "EXT 2024"]
[Source "ChessBase"]
[SourceDate "2023.10.10"]
[SourceVersion "1"]
[SourceVersionDate "2023.10.10"]
[SourceQuality "1"]

1. e4 g6 2. d4 Bg7 3. Nf3 d6 4. Nc3 a6 5. Be3 b5 6. Qd2 Bb7 7. a3 Nd7 8. 0-0-0 Rc8 9. Be2 c5 10. dxc5 Nxc5 11. e5 Ne4 12. Nxe4 Bxe4 13. Bd3 Bxf3 14. gxf3 Bxe5 15. a4 bxa4 16. Bxa6 Rb8 17. Bd4 Qc7 18. Bxe5 dxe5 19. Rhe1 Nf6 20. Qe3 0-0 21. Qxe5 Qb6 22. Bd3 Qxf2 23. Qxe7 Qb6 24. Qa3 Nd5 25. Bxg6 hxg6 26. Rxd5 Rfc8 27. Rd2 Rc4 28. Rde2 Qc6 29. Kb1 Kg7 30. Qd3 Rcb4 31. c3 Rf4 32. Ka1 Qf6 33. Re3 a3 34. bxa3 Ra4 35. Ka2 Qb6 36. Qb1 Rxa3+ 37. Kxa3 Qa5# 0-1

[Event "Titled Tuesday intern op 25th Jul Early"]
[Site "Chess.com INT"]
[Date "2023.07.25"]
[Round "2"]
[White "Schmakel, Sam A"]
[Black "Xie, Bryan"]
[Result "1-0"]
[WhiteElo "2449"]
[BlackElo "2329"]
[PlyCount "127"]
[EventDate "2023.07.25"]
[EventType "swiss (blitz)"]
[EventRounds "11"]
[EventCountry "USA"]
[SourceTitle "EXT 2024"]
[Source "ChessBase"]
[SourceDate "2023.10.10"]
[SourceVersion "1"]
[SourceVersionDate "2023.10.10"]
[SourceQuality "1"]

1. c4 e6 2. g3 d5 3. Bg2 Nf6 4. Nf3 d4 5. 0-0 c5 6. e3 Nc6 7. exd4 cxd4 8. Re1 Bd6 9. d3 0-0 10. a3 a5 11. Bg5 h6 12. Bxf6 Qxf6 13. Nbd2 Qe7 14. Rc1 e5 15. Ne4 Bc7 16. c5 Be6 17. Nfd2 f5 18. Nd6 Bxd6 19. cxd6 Qxd6 20. Nc4 Bxc4 21. Rxc4 Rac8 22. Qa4 f4 23. Bxc6 fxg3 24. hxg3 Rxc6 25. Rxc6 bxc6 26. Qxa5 Qf6 27. Re2 Re8 28. Kg2 Qf5 29. Re4 Rf8 30. Qd2 Qf3+ 31. Kg1 Rf5 32. Qe2 Qxe2 33. Rxe2 Rf3 34. Rd2 Kf7 35. Kg2 Rf5 36. b4 Ke6 37. a4 Kd6 38. Rc2 g5 39. b5 cxb5 40. axb5 Rf8 41. Rc6+ Kd5 42. Rxh6 Rb8 43. b6 Kc5 44. Re6 Kb4 45. Rxe5 Kc3 46. Rxg5 Rxb6 47. Rg8 Kxd3 48. Rd8 Rf6 49. f4 Ke3 50. Re8+ Kd2 51. Kf3 d3 52. g4 Kd1 53. g5 Ra6 54. Rd8 d2 55. f5 Ra3+ 56. Kg4 Ra4+ 57. Kh5 Ke2 58. f6 Rf4 59. Kh6 Rh4+ 60. Kg7 Rg4 61. g6 Rg3 62. Rxd2+ Kxd2 63. f7 Rf3 64. f8Q 1-0

[Event "Las Vegas National op"]
[Site "Las Vegas"]
[Date "2023.06.17"]
[Round "7"]
[White "Xie, Bryan"]
[Black "Melillo, Lucius"]
[Result "1-0"]
[WhiteElo "2353"]
[BlackElo "1870"]
[PlyCount "55"]
[EventDate "2023.06.14"]
[EventType "swiss"]
[EventRounds "9"]
[EventCountry "USA"]
[SourceTitle "CBM 214 Extra"]
[Source "ChessBase"]
[SourceDate "2023.07.31"]
[SourceVersion "1"]
[SourceVersionDate "2023.07.31"]
[SourceQuality "1"]

1. e4 e5 2. Nf3 Nf6 3. Nxe5 d6 4. Nf3 Nxe4 5. Nc3 Nxc3 6. dxc3 Be7 7. Bd3 0-0 8. 0-0 Nd7 9. Be3 Nc5 10. Be2 Re8 11. Re1 Bf5 12. Nd4 Be4 13. Qd2 Bf6 14. h3 Ne6 15. Bg4 Nxd4 16. cxd4 d5 17. c3 c6 18. Re2 Bg6 19. Rae1 Be7 20. Bf4 f5 21. Bxf5 Bxf5 22. Bg5 Bg6 23. Rxe7 Qb6 24. Bh6 Rxe7 25. Rxe7 Re8 26. Rxg7+ Kh8 27. Qf4 Qxb2 28. Re7 1-0

[Event "Titled Tuesday intern op 13th Jun Early"]
[Site "Chess.com INT"]
[Date "2023.06.13"]
[Round "10"]
[White "Aalto, Patrik"]
[Black "Xie, Bryan"]
[Result "0-1"]
[WhiteElo "2226"]
[BlackElo "2353"]
[PlyCount "124"]
[EventDate "2023.06.13"]
[EventType "swiss (blitz)"]
[EventRounds "11"]
[EventCountry "USA"]
[SourceTitle "EXT 2024"]
[Source "ChessBase"]
[SourceDate "2023.10.10"]
[SourceVersion "1"]
[SourceVersionDate "2023.10.10"]
[SourceQuality "1"]

1. e4 c5 2. a3 Nc6 3. b4 cxb4 4. axb4 Nxb4 5. c3 Nc6 6. d4 d5 7. exd5 Qxd5 8. Na3 Nf6 9. Nb5 Qd8 10. Bf4 Nd5 11. Bg3 e6 12. Bc4 Nxc3 13. Nxc3 Bb4 14. Qd3 Qxd4 15. Nge2 Qxd3 16. Bxd3 0-0 17. 0-0 Bd7 18. Ne4 Rfd8 19. Bc7 Rdc8 20. Bd6 f5 21. Bxb4 Nxb4 22. Nd6 Rc6 23. Nxb7 Nxd3 24. Rfd1 Rc7 25. Rab1 Ba4 26. Rxd3 Bc2 27. Rc1 Bxd3 28. Rxc7 Bxe2 29. Nc5 Bc4 30. Nd7 Bd5 31. h4 a5 32. Nb6 Ra6 33. Nxd5 exd5 34. Rd7 a4 35. Rxd5 a3 36. Rd1 a2 37. Ra1 Kf7 38. Kf1 Kg6 39. Ke2 Kh5 40. g3 Kg4 41. Ke3 Ra4 42. Ke2 Ra3 43. Kd2 Kf3 44. Ke1 g6 45. Kf1 h6 46. Ke1 f4 47. gxf4 Kxf4 48. Ke2 Kg4 49. f3+ Kxh4 50. Kf2 Kg5 51. Kg3 h5 52. Kg2 Kf4 53. Kh2 Kxf3 54. Kh3 g5 55. Kh2 Kg4 56. Rg1+ Kh4 57. Rh1 a1Q 58. Rf1 Rh3+ 59. Kg2 Rg3+ 60. Kh2 Qb2+ 61. Rf2 Qxf2+ 62. Kh1 Qg1# 0-1

[Event "Titled Tuesday intern op 13th Jun Early"]
[Site "Chess.com INT"]
[Date "2023.06.13"]
[Round "6"]
[White "Bilan, Danila"]
[Black "Xie, Bryan"]
[Result "0-1"]
[WhiteElo "2303"]
[BlackElo "2353"]
[PlyCount "120"]
[EventDate "2023.06.13"]
[EventType "swiss (blitz)"]
[EventRounds "11"]
[EventCountry "USA"]
[SourceTitle "EXT 2024"]
[Source "ChessBase"]
[SourceDate "2023.10.10"]
[SourceVersion "1"]
[SourceVersionDate "2023.10.10"]
[SourceQuality "1"]

1. d4 Nf6 2. Nf3 e6 3. g3 b6 4. Bg2 Bb7 5. 0-0 Be7 6. c4 0-0 7. d5 exd5 8. Nh4 c6 9. cxd5 Nxd5 10. Nf5 Nc7 11. e4 d5 12. Nc3 Bf6 13. Bf4 d4 14. e5 dxc3 15. exf6 Qxf6 16. Qg4 cxb2 17. Rae1 Ne6 18. Be5 Qg5 19. Qxg5 Nxg5 20. Bxg7 Bc8 21. Bxf8 Bxf5 22. Bh6 Ne6 23. Be4 Bh3 24. Bg2 Bf5 25. Be4 Bh3 26. Rb1 Bxf1 27. Kxf1 Na6 28. Bxc6 Rd8 29. Rxb2 Nac5 30. Kg2 Nd4 31. Rd2 Nxc6 32. Re2 Nd4 33. Rd2 Nce6 34. Be3 Nf5 35. Rc2 Nxe3+ 36. fxe3 Rd7 37. Kf3 Rc7 38. Rd2 Kg7 39. Ke4 Kf6 40. h4 Nc5+ 41. Kf4 Re7 42. Rd6+ Re6 43. Rd4 b5 44. g4 Ke7 45. Rd5 Rc6 46. Rh5 h6 47. g5 hxg5+ 48. Kxg5 Ne6+ 49. Kg4 Rc4+ 50. Kf3 b4 51. Ra5 Rxh4 52. Rxa7+ Kf6 53. Rb7 Nc5 54. Rb6+ Ke5 55. Rb5 Kd5 56. Rb6 Kc4 57. Rf6 Rh2 58. Rxf7 Rxa2 59. e4 Ra1 60. Rf8 Rf1+ 0-1

[Event "Titled Tuesday intern op 13th Jun Early"]
[Site "Chess.com INT"]
[Date "2023.06.13"]
[Round "2"]
[White "Xie, Bryan"]
[Black "Budrewicz, Krzysztof"]
[Result "0-1"]
[WhiteElo "2353"]
[BlackElo "2184"]
[PlyCount "58"]
[EventDate "2023.06.13"]
[EventType "swiss (blitz)"]
[EventRounds "11"]
[EventCountry "USA"]
[SourceTitle "EXT 2024"]
[Source "ChessBase"]
[SourceDate "2023.10.10"]
[SourceVersion "1"]
[SourceVersionDate "2023.10.10"]
[SourceQuality "1"]

1. e4 d5 2. exd5 Nf6 3. d4 Nxd5 4. c4 Nb6 5. Nf3 g6 6. Nc3 Bg7 7. Be3 0-0 8. h3 Nc6 9. Be2 e5 10. d5 Ne7 11. 0-0 Nf5 12. Bc5 Re8 13. Nd2 Nd7 14. Be3 Nxe3 15. fxe3 Bh6 16. e4 Qg5 17. Bg4 Qxd2 18. Qf3 Qe3+ 19. Qxe3 Bxe3+ 20. Kh1 Nc5 21. Be2 a5 22. Nb5 Re7 23. d6 cxd6 24. Nxd6 Bd7 25. Rad1 Bc6 26. Rf6 Nxe4 27. Nxe4 Bxe4 28. Rfd6 Bd4 29. b3 Kg7 0-1